000 00564nam a22002177a 4500
003 UA-OsUOA
001 71152
007 ta
008 20101006b un ||||| |||| 00| 0 ukr d
100 _aКонопелько В.
090 _a908
_bК64
942 _cSA
040 _aUA-OsUOA
_bukr
_cUA-OsUOA
_dUA-OsUOA
245 _a"Реліквія" Петра Кралюка
300 _aС.6
955 _a0
041 _aukr
080 _a908
773 0 _w71151
_tВільне слово
_dРівне
_d2010
_g74
650 7 _a908 Краєзнавство
_2UDC
999 _c357422
_d357422